Statystyki dla Wszystkie samochody Buddy

Kliknij tutaj aby rozwiązać quiz!

Ogólne statystyki

  • Ten quiz został rozwiązany 734 razy
  • Średni wynik to 3 z 15

Statystyki odpowiedzi

Model Auta% Poprawnych
Lamborghini Huracan STO
71%
Nissan S13 The Nuke
47%
Toyota Supra MK4
39%
Toyota Supra MK5
29%
Nissan Silvia S15
25%
Nissan S13 Smerf
23%
Yamaha Raptor 700r
19%
Nissan Silvia S15 Mona Lisa
18%
Can-am Maverick X3
13%
Mazda RX-7
12%
BMW M3 E46
8%
Ford F150
7%
Kawasaki Z900
7%
Volkswagen Golf 8R
6%
Mercedes AMG GLC 63s
5%

Rozkład punktacji

Percentyl według liczby udzielonych odpowiedzi

Procent ludzi z każdym wynikiem

Twoja historia wyników

Nie rozwiązałeś tego quizu